zpět

Detail výsledku týmu

Bartolomějka, Kolín

Datum a čas kvízu

12.5 Celkem bodů Celkový počet nahraných bodů na tomto kvízu bez doplňovacích otázek.
10. Pořadí na kvízu Konečné umístění týmu na tomto kvízu.

Zaznamenané odpovědi

# Otázka Odpověď Body Výsledky
1. V neděli ve 13:30 se po celé r... 0
2. Náčelník policie jisté evropsk... 0
3. Hudební festival Colours of Os... 1
4. Americký miliardář a spoluzakl... 0
5. Jak se jmenuje vítěz letošního... 0
6. V tomto tématu se budeme pohyb... 0
7. Pokud bychom vyrazili z Kuala... 0
8. Pokud bychom se z Mikulova poh... 0
9. Ze kterého evropského státu mu... 0
10. Pokud se z Jihlavy budeme pohy... 1